书目信息 |
| 题名: |
房屋建筑耐久性及保障技术
|
|
| 作者: | 王东林 , 何鸣 , 李原 , 徐雪萍 编著 | |
| 分册: | ||
| 出版信息: | 北京 化学工业出版社 2018 |
|
| 页数: | 205页 | |
| 开本: | 24cm | |
| 丛书名: | 材料延寿与可持续发展 | |
| 单 册: | ||
| 中图分类: | TU22 | |
| 科图分类: | ||
| 主题词: | 房屋建筑学--fang wu jian zhu xue--耐用性--研究 | |
| 电子资源: | ||
| ISBN: | 978-7-122-30839-9 | |
| 000 | 01497nam 2200337 450 | |
| 001 | 012001003095 | |
| 005 | 20120101070552.0 | |
| 010 | @a978-7-122-30839-9@dCNY68.00 | |
| 099 | @aCAL 012018037393 | |
| 100 | @a20180130d2018 em y0chiy50 ea | |
| 101 | 0 | @achi |
| 102 | @aCN@b110000 | |
| 105 | @aak a 000yy | |
| 106 | @ar | |
| 200 | 1 | @a房屋建筑耐久性及保障技术@Afang wu jian zhu nai jiu xing ji bao zhang ji shu@f王东林 ... [等] 编著 |
| 210 | @a北京@c化学工业出版社@d2018 | |
| 215 | @a205页@c图@d24cm | |
| 225 | 2 | @a材料延寿与可持续发展@Acai liao yan shou yu ke chi xu fa zhan |
| 300 | @a中国腐蚀与防护学会著作出版基金 | |
| 304 | @a题名页题其余责任者: 何鸣, 李原, 徐雪萍 | |
| 320 | @a有书目 | |
| 330 | @a房屋建筑长寿命对社会经济实现可持续发展有着重要的意义。无论是工业建筑、民用建筑还是农村建筑都必须把耐久性、安全性和可靠性放在重要位置, 实施建筑全寿命周期诊断评价控制。本书总结了作者10多年的研究工作及其成果, 并对国内外近年来在房屋建筑耐久性及保障技术的相关研究状况进行了分析, 力求从建筑的设计、建筑材料、建筑结构、建筑施工管理、建筑结构腐蚀损伤、建筑维护加固技术等各个环节全面阐述实现房屋建筑安全耐久的各项控制技术。 | |
| 410 | 0 | @12001 @a材料延寿与可持续发展 |
| 606 | 0 | @a房屋建筑学@Afang wu jian zhu xue@x耐用性@x研究 |
| 690 | @aTU22@v5 | |
| 701 | 0 | @a王东林@Awang dong lin@4编著 |
| 701 | 0 | @a何鸣@Ahe ming@4编著 |
| 701 | 0 | @a李原@Ali yuan@4编著 |
| 701 | 0 | @a徐雪萍@Axu xue ping@4编著 |
| 801 | 2 | @aCN@b北京卓展@c20191020 |
| 905 | @b1210368-71@dTU22@e1543@f4 | |
| 房屋建筑耐久性及保障技术/王东林 ... [等] 编著.-北京:化学工业出版社,2018 |
| 205页:图;24cm.-(材料延寿与可持续发展) |
| 中国腐蚀与防护学会著作出版基金 |
| ISBN 978-7-122-30839-9:CNY68.00 |
| 房屋建筑长寿命对社会经济实现可持续发展有着重要的意义。无论是工业建筑、民用建筑还是农村建筑都必须把耐久性、安全性和可靠性放在重要位置, 实施建筑全寿命周期诊断评价控制。本书总结了作者10多年的研究工作及其成果, 并对国内外近年来在房屋建筑耐久性及保障技术的相关研究状况进行了分析, 力求从建筑的设计、建筑材料、建筑结构、建筑施工管理、建筑结构腐蚀损伤、建筑维护加固技术等各个环节全面阐述实现房屋建筑安全耐久的各项控制技术。 |
| ● |
| 相关链接 |
|
|
|
|
正题名:房屋建筑耐久性及保障技术
索取号:TU22/1543
 
预约/预借
| 序号 | 登录号 | 条形码 | 馆藏地/架位号 | 状态 | 备注 |
| 1 | 1210368 | 212103686 | 第二样本阅览室/ [索取号:TU22/1543] | 在馆 | |
| 2 | 1210369 | 212103695 | 第三借阅区/ [索取号:TU22/1543] | 在馆 | |
| 3 | 1210370 | 212103702 | 第三借阅区/ [索取号:TU22/1543] | 在馆 | |
| 4 | 1210371 | 212103711 | 第三借阅区/ [索取号:TU22/1543] | 在馆 |